Statistics for Y Vocabulary Words Quiz #1

Click here to take the quiz!

General Stats

  • This quiz has been taken 45,618 times
    (15,051 since last reset)
  • The average score is 13 of 20

Answer Stats

Definition Word % Correct
The Japanese currencyYen
99%
The masculine principle in
Eastern religion; opposite of yin
Yang
95%
It's what makes bread riseYeast
93%
Abominable snowmanYeti
93%
Indian stretching disciplineYoga
91%
Pleasure boatYacht
90%
Method of singing with rapidly fluctuating
pitch, notably practiced in the Alps
{Yodel}ing
85%
Long-haired bovine of the HimalayasYak
83%
To long forYearn
83%
To give wayYield
68%
Young urban professionalYuppie
61%
Wooden frame that joins two oxenYoke
58%
Germanic pagan festival that was
replaced by Christmas
Yule
57%
Semi-permanent tent-like dwelling
of the Asian steppes
Yurt
57%
Jewish skullcapYarmulke
56%
A tall taleYarn
46%
An animal between 1 and 2 years oldYearling
39%
Feudal rank below that of squireYeoman
34%
Rotation of a vehicle around its vertical axis;
Counterpart of pitch and roll
Yaw
33%
Highest rank in sumo wrestlingYokozuna
15%

Score Distribution

Percentile by Number Answered

Percent of People with Each Score

Your Score History

You have not taken this quiz since the last reset